[Event "Belgrade Radnicki Scheveningen"]
[Site "Belgrade"]
[Date "2022.01.08"]
[Round "7.1"]
[White "Darmaeva, Nomina"]
[Black "Starcevic, Goran"]
[Result "1-0"]
[WhiteElo "1773"]
[BlackElo "2031"]
[PlyCount "107"]
[EventDate "2022.01.02"]
[EventType "schev"]
[EventRounds "10"]
[EventCountry "SRB"]
[SourceTitle "CBM 206 Extra"]
[Source "ChessBase"]
[SourceDate "2022.03.31"]
[SourceVersion "1"]
[SourceVersionDate "2022.03.31"]
[SourceQuality "1"]
[WhiteTeam "Team A"]
[BlackTeam "Team B"]
[WhiteTeamCountry "SRB"]
[BlackTeamCountry "SRB"]

1. e4 e5 2. Nf3 Nc6 3. d4 exd4 4. Nxd4 Bc5 5. Nb3 Bb4+ 6. c3 Be7 7. c4 Bb4+ 8. Bd2 Nf6 9. Bxb4 Nxb4 10. Nc3 0-0 11. Be2 Re8 12. a3 Nc6 13. Qc2 d6 14. 0-0 a5 15. Rad1 Bg4 16. Bxg4 Nxg4 17. h3 Nf6 18. c5 a4 19. Nc1 Qe7 20. cxd6 cxd6 21. Rfe1 d5 22. Nxd5 Nxd5 23. Rxd5 Qe6 24. Rdd1 Ne5 25. Ne2 Rec8 26. Nc3 Qg6 27. Qe2 Qa6 28. Qxa6 Rxa6 29. Rd5 f6 30. Red1 Raa8 31. Rb5 Nc4 32. Rxb7 Nxb2 33. Rxb2 Rxc3 34. Ra2 Rc4 35. f3 Rb8 36. Rd7 h5 37. h4 Kh7 38. Ra7 Kh6 39. Rd2 g5 40. hxg5+ Kxg5 41. Kf2 Rbc8 42. Rd5+ Kg6 43. Rda5 Rc2+ 44. Kg3 h4+ 45. Kh3 Ra2 46. Rd7 Rc1 47. Kg4 Rxg2+ 48. Kf4 Rc8 49. Raa7 Rg8 50. Rh7 Rh2 51. Ke3 Ra2 52. Rxh4 Rxa3+ 53. Kf4 Rf8 54. Rah7 1-0

[Event "Belgrade Radnicki Scheveningen"]
[Site "Belgrade"]
[Date "2022.01.07"]
[Round "6.2"]
[White "Starcevic, Goran"]
[Black "Komissarova, Soigina"]
[Result "0-1"]
[WhiteElo "2031"]
[BlackElo "1751"]
[PlyCount "78"]
[EventDate "2022.01.02"]
[EventType "schev"]
[EventRounds "10"]
[EventCountry "SRB"]
[SourceTitle "CBM 206 Extra"]
[Source "ChessBase"]
[SourceDate "2022.03.31"]
[SourceVersion "1"]
[SourceVersionDate "2022.03.31"]
[SourceQuality "1"]
[WhiteTeam "Team B"]
[BlackTeam "Team A"]
[WhiteTeamCountry "SRB"]
[BlackTeamCountry "SRB"]

1. d4 d5 2. Nf3 e6 3. e3 Nf6 4. Bd3 c5 5. c3 Nc6 6. Nbd2 Bd6 7. 0-0 0-0 8. dxc5 Bxc5 9. b4 Bd6 10. Bb2 e5 11. e4 Bg4 12. h3 Bh5 13. exd5 Nxd5 14. Ne4 Bc7 15. Ng3 Nf4 16. Be4 Bg6 17. Qc2 Qf6 18. Bxg6 Qxg6 19. Qxg6 hxg6 20. Rad1 Rad8 21. b5 Na5 22. Ba3 Rfe8 23. Bb4 Nc4 24. Ne4 b6 25. Ned2 Nb2 26. Rb1 Nbd3 27. Rfd1 Nxb4 28. cxb4 Ne2+ 29. Kf1 Nc3 30. Rdc1 Nxb1 31. Nxb1 e4 32. Ne1 Bf4 33. Rc2 e3 34. fxe3 Bxe3 35. Nc3 Rd2 36. Ne2 Rd1 37. Nc3 Ra1 38. Re2 Re5 39. Nd5 Rf5+ 0-1

[Event "Belgrade Radnicki Scheveningen"]
[Site "Belgrade"]
[Date "2022.01.04"]
[Round "3.5"]
[White "Sargaeva, Darima"]
[Black "Starcevic, Goran"]
[Result "1-0"]
[WhiteElo "1629"]
[BlackElo "2031"]
[PlyCount "59"]
[EventDate "2022.01.02"]
[EventType "schev"]
[EventRounds "10"]
[EventCountry "SRB"]
[SourceTitle "CBM 206 Extra"]
[Source "ChessBase"]
[SourceDate "2022.03.31"]
[SourceVersion "1"]
[SourceVersionDate "2022.03.31"]
[SourceQuality "1"]
[WhiteTeam "Team A"]
[BlackTeam "Team B"]
[WhiteTeamCountry "SRB"]
[BlackTeamCountry "SRB"]

1. e4 e5 2. Nf3 Nc6 3. Nc3 Nf6 4. Bb5 Bd6 5. d3 h6 6. a3 0-0 7. h3 Ne7 8. g4 c6 9. Bc4 Ng6 10. g5 hxg5 11. Bxg5 Be7 12. Qe2 d5 13. Bxf6 Bxf6 14. exd5 e4 15. dxe4 Bxc3+ 16. bxc3 cxd5 17. Bxd5 Nf4 18. Qd2 Nxd5 19. exd5 Re8+ 20. Kf1 Bf5 21. c4 Be4 22. Qf4 Qc8 23. Kg2 Qxc4 24. d6 Re6 25. Rhe1 Qxc2 26. Kg1 Bd5 27. Rxe6 fxe6 28. d7 Qg6+ 29. Ng5 Rf8 30. Qxf8+ 1-0

[Event "Belgrade Radnicki Scheveningen"]
[Site "Belgrade"]
[Date "2022.01.03"]
[Round "2.1"]
[White "Starcevic, Goran"]
[Black "Darmaeva, Nomina"]
[Result "0-1"]
[WhiteElo "2031"]
[BlackElo "1773"]
[PlyCount "52"]
[EventDate "2022.01.02"]
[EventType "schev"]
[EventRounds "10"]
[EventCountry "SRB"]
[SourceTitle "CBM 206 Extra"]
[Source "ChessBase"]
[SourceDate "2022.03.31"]
[SourceVersion "1"]
[SourceVersionDate "2022.03.31"]
[SourceQuality "1"]
[WhiteTeam "Team B"]
[BlackTeam "Team A"]
[WhiteTeamCountry "SRB"]
[BlackTeamCountry "SRB"]

1. d4 d5 2. Nf3 e6 3. e3 c6 4. Bd3 Nf6 5. Nbd2 Nbd7 6. 0-0 Bd6 7. Re1 0-0 8. e4 dxe4 9. Nxe4 Nxe4 10. Rxe4 Re8 11. Rh4 g6 12. Qd2 Bf8 13. Ng5 Nf6 14. Qe2 Bg7 15. c3 Qe7 16. Nf3 Nd7 17. Bc4 Bf6 18. Re4 b5 19. Bb3 Bb7 20. Re3 a6 21. a4 c5 22. axb5 axb5 23. Rxa8 Rxa8 24. Qxb5 Bxf3 25. gxf3 Bg5 26. Re1 Bxc1 0-1

[Event "Belgrade Trophy 35th"]
[Site "Belgrade"]
[Date "2021.11.24"]
[Round "1"]
[White "Palamarevic, Mina"]
[Black "Starcevic, Goran"]
[Result "1/2-1/2"]
[WhiteElo "1556"]
[BlackElo "2046"]
[PlyCount "85"]
[EventDate "2021.11.24"]
[EventType "swiss"]
[EventRounds "9"]
[EventCountry "SRB"]
[SourceTitle "CBM 205 Extra"]
[Source "ChessBase"]
[SourceDate "2022.01.31"]
[SourceVersion "1"]
[SourceVersionDate "2022.01.31"]
[SourceQuality "1"]

1. e4 e5 2. d4 exd4 3. Qxd4 Nc6 4. Qe3 Nf6 5. Bd2 Bb4 6. a3 Bxd2+ 7. Nxd2 0-0 8. 0-0-0 d5 9. f4 dxe4 10. Nxe4 Qe7 11. Nxf6+ Qxf6 12. h3 Bf5 13. g4 Rfe8 14. Qg3 Be4 15. Nf3 Qe6 16. Kb1 Rad8 17. Bg2 Qb3 18. Qf2 Qa4 19. Rxd8 Rxd8 20. Re1 f6 21. g5 f5 22. Nh4 Bxg2 23. Nxg2 Qd4 24. Qe2 Qd5 25. h4 Nd4 26. Qf2 Nf3 27. Re3 Qd1+ 28. Ka2 Nd2 29. Qe1 Qxe1 30. Rxe1 Ne4 31. Ne3 g6 32. Rd1 Rxd1 33. Nxd1 Nd2 34. Ne3 Nf3 35. Ng2 Kf7 36. Kb3 Ke6 37. Kc4 Kd6 38. Kd3 c5 39. c3 b5 40. Ke2 Ng1+ 41. Kf2 Nh3+ 42. Kg3 Ng1 43. Kf2 1/2-1/2

[Event "Belgrade Premier League"]
[Site "Belgrade"]
[Date "2021.10.12"]
[Round "11.4"]
[White "Maksimovic, Masa"]
[Black "Starcevic, Goran"]
[Result "1/2-1/2"]
[WhiteElo "2059"]
[BlackElo "2065"]
[PlyCount "156"]
[EventDate "2021.10.01"]
[EventType "team-tourn"]
[EventRounds "11"]
[EventCountry "SRB"]
[SourceTitle "CBM 204 Extra"]
[Source "ChessBase"]
[SourceDate "2021.11.30"]
[SourceVersion "1"]
[SourceVersionDate "2021.11.30"]
[SourceQuality "1"]
[WhiteTeam "Belgrade Turbina"]
[BlackTeam "Belgrade Radnicki"]
[WhiteTeamCountry "SRB"]
[BlackTeamCountry "SRB"]

1. e4 e5 2. Nf3 Nf6 3. Bb5 a6 4. Ba4 Nc6 5. 0-0 Be7 6. Re1 b5 7. Bb3 0-0 8. a4 Bb7 9. d3 d6 10. Nbd2 Na5 11. Ba2 c5 12. c3 Nc6 13. Nf1 d5 14. Ng3 dxe4 15. dxe4 c4 16. Bg5 h6 17. Bxf6 Bxf6 18. Nf5 Qb6 19. Qe2 Rad8 20. h3 Kh7 21. Ne3 Ne7 22. Ng4 Ng6 23. g3 Rd3 24. Bb1 Rd6 25. h4 Bc8 26. Ne3 Ne7 27. Nf5 Re6 28. axb5 axb5 29. Ne3 Bb7 30. Nd5 Qc5 31. Bc2 Kg8 32. Ne3 g6 33. h5 Bg7 34. b3 cxb3 35. Bxb3 Rd6 36. hxg6 Bxe4 37. gxf7+ Kh8 38. Ng4 Bd3 39. Qe3 Qxe3 40. Rxe3 e4 41. Nfe5 Nf5 42. Ree1 h5 43. Nxd3 hxg4 44. Rxe4 Rxd3 45. Rxg4 Rxc3 46. Rb1 Kh7 47. Kg2 Nh6 48. Rh4 Kg6 49. Bd1 Rc5 50. Rhb4 Nxf7 51. Rxb5 Rxb5 52. Rxb5 Kf6 53. Rd5 Rb8 54. Rd2 Ke7 55. Bh5 Ne5 56. f4 Nc4 57. Re2+ Kd6 58. Bf7 Nb2 59. Kf3 Rb7 60. Bg8 Ra7 61. g4 Ra3+ 62. Re3 Ra8 63. Bb3 Bd4 64. Re6+ Kc5 65. Ke4 Ra3 66. Re8 Bg1 67. Bf7 Ra4+ 68. Kf5 Nd3 69. Re4 Bd4 70. g5 Nf2 71. Re2 Nd1 72. Bb3 Ra1 73. Bxd1 Rxd1 74. Ke6 Rg1 75. Rc2+ Kb5 76. Kf5 Be3 77. Ke4 Bc1 78. g6 Bxf4 1/2-1/2

[Event "Belgrade Premier League"]
[Site "Belgrade"]
[Date "2021.10.03"]
[Round "3.2"]
[White "Starcevic, Goran"]
[Black "Nedeljkovic, Dragan"]
[Result "1/2-1/2"]
[WhiteElo "2065"]
[BlackElo "2053"]
[PlyCount "70"]
[EventDate "2021.10.01"]
[EventType "team-tourn"]
[EventRounds "11"]
[EventCountry "SRB"]
[SourceTitle "CBM 204 Extra"]
[Source "ChessBase"]
[SourceDate "2021.11.30"]
[SourceVersion "1"]
[SourceVersionDate "2021.11.30"]
[SourceQuality "1"]
[WhiteTeam "Belgrade Radnicki"]
[BlackTeam "Belgrade PTT"]
[WhiteTeamCountry "SRB"]
[BlackTeamCountry "SRB"]

1. d4 Nf6 2. Nf3 c5 3. e3 g6 4. c3 b6 5. Nbd2 Bb7 6. Bd3 Bg7 7. 0-0 0-0 8. Qe2 d6 9. b4 Nd5 10. Bb2 cxb4 11. c4 Nc3 12. Bxc3 bxc3 13. Ne4 e5 14. Nxc3 exd4 15. Nxd4 Bxd4 16. exd4 Qf6 17. Qe3 Nc6 18. Be4 Rab8 19. Nd5 Qg7 20. Rad1 f5 21. Bf3 Rfe8 22. Qf4 Na5 23. Qxd6 Kh8 24. Qb4 Rbc8 25. c5 Nc6 26. Qc3 Ba6 27. Rfe1 Rxe1+ 28. Rxe1 Nxd4 29. Bd1 Nc6 30. Qxg7+ Kxg7 31. cxb6 axb6 32. Nxb6 Rb8 33. Nd7 Rb1 34. f3 Bc4 35. Kf2 Rb2+ 1/2-1/2

[Event "Belgrade-chT"]
[Site "Belgrade"]
[Date "2019.10.01"]
[Round "8.6"]
[White "Starcevic, Goran"]
[Black "Djordjevic, Dejan P"]
[Result "1-0"]
[WhiteElo "2054"]
[BlackElo "1972"]
[PlyCount "91"]
[EventDate "2019.09.23"]
[EventType "team-tourn"]
[EventRounds "11"]
[EventCountry "SRB"]
[SourceTitle "EXT 2020"]
[Source "ChessBase"]
[SourceDate "2019.10.17"]
[SourceVersion "1"]
[SourceVersionDate "2019.10.17"]
[SourceQuality "1"]
[WhiteTeam "Mirijevo"]
[BlackTeam "Belgrade PTT"]
[WhiteTeamCountry "SRB"]
[BlackTeamCountry "SRB"]

1. d4 Nf6 2. Nf3 g6 3. c4 Bg7 4. Nc3 0-0 5. e4 d6 6. h3 Nbd7 7. Be3 e5 8. d5 a5 9. Be2 b6 10. g4 Nc5 11. Nd2 Ne8 12. Qc2 Bd7 13. h4 f5 14. gxf5 gxf5 15. 0-0-0 f4 16. Bxc5 bxc5 17. Rdg1 Kh8 18. Nf3 Nf6 19. h5 Ng4 20. h6 Nxh6 21. Ng5 Qe7 22. Qd3 Rf6 23. Nb5 Rc8 24. Bh5 c6 25. Na7 Rc7 26. Nxc6 Bxc6 27. dxc6 Rxc6 28. Qd5 Ra6 29. f3 a4 30. a3 Ra7 31. Rh2 Qb7 32. Qxb7 Rxb7 33. Be8 Ra7 34. Rgh1 Kg8 35. Bc6 Rg6 36. Bd5+ Kh8 37. Rh5 Re7 38. Kc2 Ra7 39. b3 axb3+ 40. Kxb3 Re7 41. a4 Rd7 42. a5 Bf6 43. Ne6 Bg7 44. a6 Ra7 45. Nxg7 Kxg7 46. Bb7 1-0

[Event "Belgrade-ch sf"]
[Site "Belgrade"]
[Date "2017.01.29"]
[Round "7"]
[White "Cerovic, Danilo"]
[Black "Starcevic, Goran"]
[Result "1-0"]
[WhiteElo "2346"]
[BlackElo "2167"]
[PlyCount "66"]
[EventDate "2017.01.23"]
[EventType "swiss"]
[EventRounds "7"]
[EventCountry "SRB"]
[SourceTitle "CBM 176 Extra"]
[Source "ChessBase"]
[SourceDate "2017.03.02"]
[SourceVersion "1"]
[SourceVersionDate "2017.03.02"]
[SourceQuality "1"]

1. e4 e5 2. Nf3 Nc6 3. Bc4 Nf6 4. d3 Be7 5. 0-0 0-0 6. Re1 d6 7. a4 Na5 8. Ba2 c5 9. c3 Nc6 10. Nbd2 d5 11. exd5 Nxd5 12. Nxe5 Nxe5 13. Rxe5 Nf6 14. Nf3 b6 15. Bg5 Bd6 16. Re1 Bb7 17. d4 cxd4 18. Qxd4 Bxf3 19. gxf3 h6 20. Bh4 Bc5 21. Qxd8 Raxd8 22. Rad1 a5 23. Kf1 Rfe8 24. Rxe8+ Rxe8 25. Bc4 g5 26. Bg3 Nh5 27. Bc7 Re7 28. Bd8 Re5 29. Rd5 Rxd5 30. Bxd5 Nf4 31. Bc4 Ng6 32. b4 axb4 33. cxb4 Bxb4 1-0

[Event "Belgrade-chT"]
[Site "Belgrade"]
[Date "2016.10.18"]
[Round "10.6"]
[White "Milutinovic, Dejan D"]
[Black "Starcevic, Goran"]
[Result "0-1"]
[WhiteElo "2046"]
[BlackElo "2156"]
[PlyCount "118"]
[EventDate "2016.10.08"]
[EventType "team-tourn"]
[EventRounds "13"]
[EventCountry "SRB"]
[SourceTitle "CBM 175 Extra"]
[Source "ChessBase"]
[SourceDate "2016.12.12"]
[SourceVersion "1"]
[SourceVersionDate "2016.12.12"]
[SourceQuality "1"]
[WhiteTeam "Lasta"]
[BlackTeam "Mirijevo"]
[WhiteTeamCountry "SRB"]
[BlackTeamCountry "SRB"]

1. d4 Nf6 2. Nf3 g6 3. g3 Bg7 4. Bg2 0-0 5. 0-0 d6 6. e4 Nxe4 7. Re1 d5 8. c4 c6 9. b3 Bg4 10. Bb2 e6 11. Qd3 Bxf3 12. Bxf3 Nf6 13. Nd2 Nbd7 14. g4 h6 15. Bd1 Qc7 16. Qe3 Rfe8 17. f4 Bf8 18. c5 b6 19. Rc1 Bg7 20. g5 Nh7 21. h4 bxc5 22. gxh6 Bxh6 23. Rf1 cxd4 24. Qxd4 Qb6 25. Rxc6 Qxd4+ 26. Bxd4 Rec8 27. Rd6 Ndf6 28. Ra6 Bf8 29. Kg2 Bc5 30. Bb2 Bb6 31. a4 Nd7 32. a5 Be3 33. h5 Bxd2 34. hxg6 Nhf6 35. f5 e5 36. Bxe5 Nxe5 37. Rxf6 fxg6 38. fxg6 Bxa5 39. R6f5 Bc7 40. g7 Ng6 41. Rg5 Nf4+ 42. Kf3 Ne6 43. Rxd5 Nxg7 44. Rg1 Rf8+ 45. Kg4 Bb6 46. Rh1 Rf6 47. Bc2 Rd8 48. Rxd8+ Bxd8 49. Bd3 Ne6 50. Re1 Kf8 51. Bc4 Ke7 52. Rh1 Bb6 53. Rh7+ Kd6 54. Rh5 Nd4 55. Rd5+ Kc6 56. b4 Nc2 57. b5+ Kc7 58. Kg5 Rf2 59. Bd3 Rd2 0-1

[Event "Belgrade-chT"]
[Site "Belgrade"]
[Date "2016.10.14"]
[Round "6.4"]
[White "Starcevic, Goran"]
[Black "Simic, Goran N"]
[Result "1-0"]
[WhiteElo "2156"]
[BlackElo "2043"]
[PlyCount "51"]
[EventDate "2016.10.08"]
[EventType "team-tourn"]
[EventRounds "13"]
[EventCountry "SRB"]
[SourceTitle "EXT 2017"]
[Source "ChessBase"]
[SourceDate "2016.10.25"]
[SourceVersion "1"]
[SourceVersionDate "2016.10.25"]
[SourceQuality "1"]
[WhiteTeam "Mirijevo"]
[BlackTeam "Post Stedionica"]
[WhiteTeamCountry "SRB"]
[BlackTeamCountry "SRB"]

1. d4 d5 2. Nf3 Nf6 3. c4 e6 4. Nc3 Be7 5. Bg5 0-0 6. e3 Nbd7 7. Rc1 c6 8. Bd3 h6 9. Bh4 Nh5 10. Bxe7 Qxe7 11. 0-0 Nhf6 12. e4 dxe4 13. Nxe4 Nxe4 14. Bxe4 Nf6 15. Bb1 b6 16. Re1 Bb7 17. Qd3 Rad8 18. Ne5 g6 19. Re3 Kh7 20. Nxg6 fxg6 21. Qxg6+ Kh8 22. Qxh6+ Nh7 23. Rxe6 Qf7 24. Qe3 Rd7 25. Bxh7 Qf4 26. Be4 1-0

[Event "Belgrade-chT"]
[Site "Belgrade"]
[Date "2016.10.09"]
[Round "2.2"]
[White "Starcevic, Goran"]
[Black "Popovic, Milan Z"]
[Result "1-0"]
[WhiteElo "2156"]
[BlackElo "2070"]
[PlyCount "60"]
[EventDate "2016.10.08"]
[EventType "team-tourn"]
[EventRounds "13"]
[EventCountry "SRB"]
[SourceTitle "EXT 2017"]
[Source "ChessBase"]
[SourceDate "2016.10.25"]
[SourceVersion "1"]
[SourceVersionDate "2016.10.25"]
[SourceQuality "1"]
[WhiteTeam "Mirijevo"]
[BlackTeam "Cyril i Metodije"]
[WhiteTeamCountry "SRB"]
[BlackTeamCountry "SRB"]

1. d4 Nf6 2. Nf3 d6 3. c4 g6 4. Nc3 Bg7 5. h3 0-0 6. e4 e5 7. d5 a5 8. Be3 Na6 9. g4 Nc5 10. Nd2 Ne8 11. g5 f5 12. h4 f4 13. Bxc5 dxc5 14. Rg1 Nd6 15. h5 Bd7 16. h6 Bh8 17. Be2 f3 18. Bxf3 Rf4 19. Ne2 a4 20. a3 Rh4 21. Qc1 Qe7 22. Qc3 Nf5 23. exf5 e4 24. f6 exf3 25. Nxf3 Re4 26. fxe7 Bxc3+ 27. bxc3 Bg4 28. Rg3 Re8 29. Nfg1 Rxc4 30. Re3 Bc8 1-0

[Event "SRB-ch sf"]
[Site "Belgrade"]
[Date "2016.03.22"]
[Round "2"]
[White "Starcevic, Goran"]
[Black "Radlovacki, Jovan"]
[Result "0-1"]
[WhiteElo "2184"]
[BlackElo "2329"]
[PlyCount "140"]
[EventDate "2016.03.21"]
[EventType "swiss"]
[EventRounds "9"]
[EventCountry "SRB"]
[SourceTitle "CBM 171 Extra"]
[Source "ChessBase"]
[SourceDate "2016.04.26"]
[SourceVersion "1"]
[SourceVersionDate "2016.04.26"]
[SourceQuality "1"]

1. e4 c6 2. d4 d5 3. e5 Bf5 4. Ne2 e6 5. Nf4 Ne7 6. Bd3 Qb6 7. c3 c5 8. dxc5 Qxc5 9. 0-0 Qc7 10. Na3 Bxd3 11. Nxd3 a6 12. Qa4+ Qd7 13. Qb3 Nf5 14. Nc2 Nc6 15. Qb6 Be7 16. Ne3 Nxe3 17. Bxe3 0-0 18. f4 Rac8 19. Nc5 Qc7 20. Qxc7 Rxc7 21. Nb3 Rfc8 22. Rad1 b5 23. a3 Rb7 24. Nd4 Na5 25. Bc1 Bc5 26. Rd3 Rbc7 27. Rf2 Bxd4 28. Rxd4 Nb3 29. Rd1 Nxc1 30. Rxc1 d4 31. Rd2 dxc3 32. Rxc3 Rxc3 33. bxc3 g5 34. Rd6 gxf4 35. Rxa6 Rxc3 36. Ra5 Rc5 37. a4 Rxe5 38. axb5 Re4 39. Kf2 Rb4 40. Kf3 Kg7 41. b6 Kf6 42. Rh5 Kg6 43. Rc5 f6 44. b7 Rxb7 45. Kxf4 Rb3 46. Rc8 e5+ 47. Ke4 h5 48. Rg8+ Kf7 49. Rh8 Rb4+ 50. Kf3 h4 51. Ke3 Kg7 52. Rh5 Kg6 53. Rh8 Kg5 54. Kf3 Rb2 55. Rg8+ Kf5 56. g4+ Ke6 57. g5 Kf7 58. Rh8 fxg5 59. Kg4 Rxh2 60. Kxg5 Ke6 61. Re8+ Kd5 62. Kf5 Rf2+ 63. Kg4 e4 64. Kxh4 Kd4 65. Kg3 e3 66. Rd8+ Kc3 67. Re8 Kd2 68. Rd8+ Ke1 69. Rd3 e2 70. Ra3 Rf1 0-1

[Event "Belgrade Trophy 29th"]
[Site "Belgrade"]
[Date "2015.11.27"]
[Round "4"]
[White "Ivanov, Mikhail M"]
[Black "Starcevic, Goran"]
[Result "1-0"]
[WhiteElo "2396"]
[BlackElo "2197"]
[PlyCount "47"]
[EventDate "2015.11.24"]
[EventType "swiss"]
[EventRounds "9"]
[EventCountry "SRB"]
[SourceTitle "CBM 169 Extra"]
[Source "ChessBase"]
[SourceDate "2015.12.18"]
[SourceVersion "1"]
[SourceVersionDate "2015.12.18"]
[SourceQuality "1"]

1. d4 Nf6 2. c4 g6 3. Nf3 Bg7 4. g3 0-0 5. Bg2 c5 6. 0-0 cxd4 7. Nxd4 a6 8. Nc3 Qc7 9. b3 d5 10. Nxd5 Nxd5 11. cxd5 Rd8 12. Bb2 e6 13. dxe6 fxe6 14. Qc1 Qe5 15. Nc6 Nxc6 16. Bxe5 Bxe5 17. Rb1 Bd7 18. Qg5 Bg7 19. Rfd1 Nd4 20. Bxb7 Rab8 21. Bxa6 Bc6 22. Bc4 Rd6 23. Kf1 Rf8 24. Qe7 1-0

[Event "Belgrade Trophy 29th"]
[Site "Belgrade"]
[Date "2015.11.26"]
[Round "3"]
[White "Starcevic, Goran"]
[Black "Radovanovic, Dusan"]
[Result "1/2-1/2"]
[WhiteElo "2197"]
[BlackElo "2327"]
[PlyCount "127"]
[EventDate "2015.11.24"]
[EventType "swiss"]
[EventRounds "9"]
[EventCountry "SRB"]
[SourceTitle "CBM 169 Extra"]
[Source "ChessBase"]
[SourceDate "2015.12.18"]
[SourceVersion "1"]
[SourceVersionDate "2015.12.18"]
[SourceQuality "1"]

1. d4 Nf6 2. Nf3 e6 3. c4 c5 4. g3 d5 5. cxd5 exd5 6. Bg2 Nc6 7. 0-0 Be7 8. dxc5 Bxc5 9. b3 0-0 10. Bb2 h6 11. Nc3 Re8 12. Rc1 Bf8 13. Nd4 Bg4 14. f3 Bd7 15. Re1 h5 16. Na4 Ne5 17. Nc5 Bc8 18. Nd3 Bd6 19. Nxe5 Bxe5 20. Qd2 h4 21. Qg5 hxg3 22. hxg3 Qb6 23. e3 Nh7 24. Qh4 Bf6 25. Qh5 Ng5 26. Kf2 Qb4 27. Bc3 Qe7 28. f4 Ne4+ 29. Bxe4 Qxe4 30. Rh1 Qxe3+ 31. Kg2 Qe4+ 32. Kf1 Qd3+ 33. Ne2 Qxe2+ 34. Qxe2 Rxe2 35. Kxe2 d4 36. Bb4 Bg4+ 37. Kd2 Rd8 38. Rhe1 Rd7 39. Ba3 Kh7 40. Bb2 Kg6 41. Rc4 Be6 42. Ra4 b6 43. Re4 Kf5 44. Kd3 Bd5 45. Re1 Bc6 46. Rb4 Kg4 47. Rxd4 Bxd4 48. Bxd4 f6 49. Rg1 Bb5+ 50. Kc3 Re7 51. a4 Bc6 52. Kd3 Be4+ 53. Kd2 Bf3 54. b4 Re2+ 55. Kd3 Ra2 56. Ra1 Rxa1 57. Bxa1 Kxg3 58. Ke3 Bd1 59. a5 bxa5 60. bxa5 a6 61. Bc3 Kg4 62. Bd2 f5 63. Kf2 Bb3 64. Bc1 1/2-1/2

[Event "Belgrade-chT"]
[Site "Belgrade"]
[Date "2015.09.24"]
[Round "4.4"]
[White "Tosic, Srecko"]
[Black "Starcevic, Goran"]
[Result "1-0"]
[WhiteElo "2349"]
[BlackElo "2212"]
[PlyCount "74"]
[EventDate "2015.09.21"]
[EventType "team-tourn"]
[EventRounds "9"]
[EventCountry "SRB"]
[SourceTitle "CBM 168 Extra"]
[Source "ChessBase"]
[SourceDate "2015.10.29"]
[SourceVersion "1"]
[SourceVersionDate "2015.10.29"]
[SourceQuality "1"]
[WhiteTeam "Bogoslov"]
[BlackTeam "Mirijevo"]
[WhiteTeamCountry "SRB"]
[BlackTeamCountry "SRB"]

1. e4 e5 2. Nf3 Nc6 3. Bb5 a6 4. Bxc6 dxc6 5. Nc3 f6 6. d4 exd4 7. Nxd4 c5 8. Nde2 Qxd1+ 9. Nxd1 Bd7 10. Ne3 Ne7 11. Bd2 0-0-0 12. h4 Re8 13. 0-0-0 Nc6 14. Nc3 b5 15. f3 c4 16. h5 Bc5 17. Ncd5 Rhf8 18. g4 a5 19. Nf5 Bxf5 20. gxf5 b4 21. Rh3 a4 22. Be3 Bxe3+ 23. Nxe3 Ne5 24. Rg1 Rf7 25. Rhg3 b3 26. axb3 axb3 27. Rxg7 Rxg7 28. Rxg7 bxc2 29. Nd5 Nxf3 30. Rxc7+ Kb8 31. Rxc4 Rg8 32. Rb4+ Ka7 33. Kxc2 Rg2+ 34. Kb3 Nd2+ 35. Kc3 Nb1+ 36. Kd4 Rd2+ 37. Kc5 Rxd5+ 1-0

[Event "Belgrade-chT"]
[Site "Belgrade"]
[Date "2015.09.21"]
[Round "1.4"]
[White "Starcevic, Goran"]
[Black "Martic, Ivan"]
[Result "0-1"]
[WhiteElo "2212"]
[BlackElo "2364"]
[PlyCount "134"]
[EventDate "2015.09.21"]
[EventType "team-tourn"]
[EventRounds "9"]
[EventCountry "SRB"]
[SourceTitle "CBM 168 Extra"]
[Source "ChessBase"]
[SourceDate "2015.10.29"]
[SourceVersion "1"]
[SourceVersionDate "2015.10.29"]
[SourceQuality "1"]
[WhiteTeam "Mirijevo"]
[BlackTeam "Belgrade"]
[WhiteTeamCountry "SRB"]
[BlackTeamCountry "SRB"]

1. d4 Nf6 2. Nf3 g6 3. c4 Bg7 4. Nc3 d5 5. Bg5 Ne4 6. cxd5 Nxg5 7. Nxg5 e6 8. Qd2 exd5 9. Qe3+ Kf8 10. Qf4 Bf6 11. h4 h6 12. Nxd5 Bxg5 13. Qe5 Rh7 14. hxg5 Nc6 15. Qe4 Bf5 16. Qf3 Nxd4 17. Qa3+ Kg7 18. Ne3 Qxg5 19. Qc3 Qf6 20. Nxf5+ Nxf5 21. Qxf6+ Kxf6 22. g4 Nd6 23. Bg2 Re8 24. Rc1 Re7 25. Rh3 Rh8 26. Rhc3 c6 27. Rd3 Ne4 28. f3 Ng5 29. Kf2 Ne6 30. e3 Rd8 31. Rxd8 Nxd8 32. f4 Rd7 33. Ke2 Ne6 34. b4 g5 35. f5 Nf8 36. Rh1 Kg7 37. a4 Nh7 38. b5 cxb5 39. axb5 Nf6 40. Bf3 Rc7 41. Ra1 b6 42. Kd2 Nd7 43. Ra3 Ne5 44. Be2 f6 45. e4 h5 46. gxh5 Kh6 47. Ke3 Rg7 48. Ra1 Rc7 49. Ra4 Rc3+ 50. Kd2 Rh3 51. Rxa7 g4 52. Ra6 Kg5 53. Bxg4 Kxg4 54. Kc2 Nc4 55. Ra4 Rh2+ 56. Kc3 Ne5 57. Ra6 Nd7 58. h6 Rxh6 59. Kc4 Rh1 60. Kd5 Rd1+ 61. Ke6 Nc5+ 62. Kxf6 Nxa6 63. bxa6 Ra1 64. e5 Rxa6 65. e6 Ra5 66. e7 Rxf5+ 67. Ke6 Rf1 0-1

[Event "Belgrade Jezero op"]
[Site "Belgrade"]
[Date "2015.08.09"]
[Round "2"]
[White "Starcevic, Goran"]
[Black "Lalic, Mile"]
[Result "1/2-1/2"]
[WhiteElo "2226"]
[BlackElo "2044"]
[PlyCount "137"]
[EventDate "2015.08.08"]
[EventType "swiss"]
[EventRounds "9"]
[EventCountry "SRB"]
[SourceTitle "EXT 2016"]
[Source "ChessBase"]
[SourceDate "2015.10.08"]
[SourceVersion "1"]
[SourceVersionDate "2015.10.08"]
[SourceQuality "1"]

1. e4 c6 2. Nf3 d5 3. d3 dxe4 4. Ng5 Nf6 5. Nc3 Bf5 6. dxe4 Qxd1+ 7. Kxd1 Bg6 8. f3 Nbd7 9. Bc4 h6 10. Nh3 e5 11. Nf2 b5 12. Be2 Rd8 13. Ke1 Bc5 14. Nd3 Bb6 15. a4 bxa4 16. Nxa4 0-0 17. Nxb6 axb6 18. Be3 Ra8 19. Kf2 c5 20. b3 Rfd8 21. Rhd1 Kf8 22. Nb2 Ke7 23. Nc4 Rdb8 24. g4 Rxa1 25. Rxa1 Rb7 26. h4 Ne8 27. h5 Bh7 28. Ra8 f6 29. Na3 Bg8 30. Ba6 Rb8 31. Ra7 Nd6 32. Nb5 Nxb5 33. Bxb5 Be6 34. c4 Kd6 35. Kg3 Rc8 36. Kf2 Rc7 37. Ra6 Rb7 38. Bxd7 Kxd7 39. Ra8 Kc6 40. Ke1 Rd7 41. Ke2 Rc7 42. Kd2 Kb7 43. Ra1 Rc8 44. Kc3 Ra8 45. Rxa8 Kxa8 46. b4 cxb4+ 47. Kxb4 Kb7 48. c5 bxc5+ 49. Bxc5 Bf7 50. Bf8 g6 51. hxg6 Bxg6 52. Bxh6 Kc6 53. Bg7 Kd6 54. Bxf6 Ke6 55. Bg7 Be8 56. Kc4 Ba4 57. Kd3 Bd1 58. Ke3 Kd6 59. Kf2 Ke6 60. Kg3 Be2 61. g5 Bd1 62. Kg4 Be2 63. g6 Bd1 64. Bh8 Be2 65. g7 Kf7 66. g8Q+ Kxg8 67. Bxe5 Kf7 68. Kf4 Ke6 69. Ke3 1/2-1/2